Financial markets operations management /

Bibliographic Details
Main Author: Dickinson, Keith, (Author)
Format: eBook
Language:English
Published: Chichester, West Sussex : Wiley, 2015.
Series:Wiley finance series.
Subjects:
Online Access:Click to View
LEADER 01558nam a2200421 i 4500
001 EBC1895652
003 MiAaPQ
005 20200520144314.0
006 m o d |
007 cr cnu||||||||
008 150211s2015 enkad o 001 0 eng|d
020 |z 9781118843918 
020 |a 9781118843895  |q (electronic bk.) 
035 |a (MiAaPQ)EBC1895652 
035 |a (Au-PeEL)EBL1895652 
035 |a (CaPaEBR)ebr11011829 
035 |a (CaONFJC)MIL719387 
035 |a (OCoLC)893202844 
040 |a MiAaPQ  |b eng  |e rda  |e pn  |c MiAaPQ  |d MiAaPQ 
050 4 |a HG173  |b .D53 2015 
082 0 |a 332.64068  |2 23 
100 1 |a Dickinson, Keith,  |e author. 
245 1 0 |a Financial markets operations management /  |c Keith Dickinson. 
264 1 |a Chichester, West Sussex :  |b Wiley,  |c 2015. 
300 |a 1 online resource (474 pages) :  |b illustrations (some color). 
336 |a text  |2 rdacontent 
337 |a computer  |2 rdamedia 
338 |a online resource  |2 rdacarrier 
490 1 |a Wiley finance series 
500 |a Includes index. 
588 |a Description based on online resource; title from PDF title page (ebrary, viewed February 11, 2015). 
590 |a Electronic reproduction. Ann Arbor, MI : ProQuest, 2015. Available via World Wide Web. Access may be limited to ProQuest affiliated libraries. 
650 0 |a Finance. 
650 0 |a Banks and banking. 
655 4 |a Electronic books. 
797 2 |a ProQuest (Firm) 
830 0 |a Wiley finance series. 
856 4 0 |u https://ebookcentral.proquest.com/lib/matrademy/detail.action?docID=1895652  |z Click to View